MSCE/MCSA guide to installing and managing Microsoft Windows XP Professional and Windows Server 2003 / (Record no. 48672)

MARC details
000 -LEADER
fixed length control field 01309cam a22003254a 4500
001 - CONTROL NUMBER
control field 15627723
003 - CONTROL NUMBER IDENTIFIER
control field 0
005 - DATE AND TIME OF LATEST TRANSACTION
control field 20170215152033.0
008 - FIXED-LENGTH DATA ELEMENTS--GENERAL INFORMATION
fixed length control field 090217s2006 maua f 001 0 eng
010 ## - LIBRARY OF CONGRESS CONTROL NUMBER
LC control number 2009285667
020 ## - INTERNATIONAL STANDARD BOOK NUMBER
Cancelled/invalid ISBN 9780619217499 (pbk.)
020 ## - INTERNATIONAL STANDARD BOOK NUMBER
International Standard Book Number 0619217499 (pbk.)
020 ## - INTERNATIONAL STANDARD BOOK NUMBER
International Standard Book Number 9781423902935 (pbk.)
020 ## - INTERNATIONAL STANDARD BOOK NUMBER
International Standard Book Number 1423902939 (pbk.)
040 ## - CATALOGING SOURCE
Transcribing agency SPU
050 00 - LIBRARY OF CONGRESS CALL NUMBER
Classification number QA76.76
Item number .O63M78 2006
245 00 - TITLE STATEMENT
Title MSCE/MCSA guide to installing and managing Microsoft Windows XP Professional and Windows Server 2003 /
Statement of responsibility, etc Ted Simpson ... [et al.].
246 3# - VARYING FORM OF TITLE
Title proper/short title Guide to installing and managing Microsoft Windows XP Professional and Windows Server 2003
260 ## - PUBLICATION, DISTRIBUTION, ETC. (IMPRINT)
Place of publication, distribution, etc Boston, Mass. :
Name of publisher, distributor, etc Thomson Course Technology
Date of publication, distribution, etc 2006.
300 ## - PHYSICAL DESCRIPTION
Extent xxi, 713 p. :
Other physical details ill. (some col.) ;
Dimensions 28 cm. +
Accompanying material 1 CD-ROM (4 3/4 in.)
500 ## - GENERAL NOTE
General note "Exams #70-270 and #70-290"--Front cover.
500 ## - GENERAL NOTE
General note Includes index.
630 00 - SUBJECT ADDED ENTRY--UNIFORM TITLE
Uniform title Microsoft Windows (Computer file)
Form subdivision Handbooks, manuals, etc.
630 00 - SUBJECT ADDED ENTRY--UNIFORM TITLE
Uniform title Microsoft Windows server
Form subdivision Handbooks, manuals, etc.
630 00 - SUBJECT ADDED ENTRY--UNIFORM TITLE
Uniform title Microsoft Windows (Computer file)
General subdivision Examinations
Form subdivision Study guides.
630 00 - SUBJECT ADDED ENTRY--UNIFORM TITLE
Uniform title Microsoft Windows server
General subdivision Examinations
Form subdivision Study guides.
650 #0 - SUBJECT ADDED ENTRY--TOPICAL TERM
Topical term or geographic name as entry element Electronic data processing personnel
General subdivision Certification.
700 1# - ADDED ENTRY--PERSONAL NAME
Personal name Simpson, Ted L.
942 ## - ADDED ENTRY ELEMENTS (KOHA)
Source of classification or shelving scheme Library of Congress Classification
Koha item type Book
Holdings
Withdrawn status Lost status Source of classification or shelving scheme Damaged status Not for loan Collection code Home library Current library Shelving location Date acquired Source of acquisition Cost, normal purchase price Total Checkouts Full call number Barcode Copy number Price effective from Koha item type Shelving control number
    Library of Congress Classification     Non-fiction Bishop Okullu Memorial Library (Limuru Campus) Bishop Okullu Memorial Library (Limuru Campus) General Circulation 15/02/2017 Donation-BFA 1000.00   QA76.76 .O63M78 2006 050675 1 15/02/2017 Book  
    Library of Congress Classification   Not For Loan Non-fiction Bishop Okullu Memorial Library (Limuru Campus) Bishop Okullu Memorial Library (Limuru Campus) Processing Center 15/02/2017 Donation-BFA 1000.00   QA76.76 .O63M78 2006 050676 1 15/02/2017 CD/DVD  
    Library of Congress Classification   Not For Loan Non-fiction Bishop Okullu Memorial Library (Limuru Campus) Bishop Okullu Memorial Library (Limuru Campus) Processing Center 15/02/2017 Donation-BFA 1000.00   QA76.76 .O63M78 2006 050677 1 15/02/2017 CD/DVD  
    Library of Congress Classification   Not For Loan Non-fiction Bishop Okullu Memorial Library (Limuru Campus) Bishop Okullu Memorial Library (Limuru Campus) Processing Center 15/02/2017 Donation-BFA 1000.00   QA76.76 .O63M78 2006 050678 2 15/02/2017 CD/DVD